|
|
|
|
| LEADER |
01256nam a2200325 u 4500 |
| 001 |
10032166 |
| 003 |
upatras |
| 005 |
20210117210136.0 |
| 008 |
000203s1999 us eng |
| 020 |
|
|
|a 0890069611
|
| 040 |
|
|
|a GR-PaULI
|c GR-PaULI
|
| 041 |
0 |
|
|a eng
|
| 082 |
0 |
4 |
|a 621.382 5
|
| 100 |
1 |
|
|a Elbert, Bruce R.
|9 117554
|
| 245 |
1 |
0 |
|a Introduction to satellite communication
|c Bruce R. Elbert
|
| 246 |
1 |
3 |
|a Satellite communication
|
| 250 |
|
|
|a 2nd edition
|
| 260 |
|
|
|a Boston
|b Artech House
|c 1999
|
| 300 |
|
|
|a xix, 557 p.
|b fig.
|c 24 cm.
|
| 490 |
1 |
|
|a The Artech House space applications series
|
| 490 |
1 |
|
|a The Artech House telecommunications library
|
| 504 |
|
|
|a Includes bibliographical references and index
|
| 650 |
|
4 |
|a Τηλεπικοινωνιακοί δορυφόροι
|9 60615
|
| 760 |
1 |
|
|a The Artech House space applications series
|
| 760 |
1 |
|
|a Artech House telecommunications library
|
| 852 |
|
|
|a GR-PaULI
|b ΠΑΤΡΑ
|b ΒΚΠ
|b ΒΣ1
|k ΑΣΧΞ
|h 621.382 5 E
|m 056438
|p 025000075190
|t 1
|
| 942 |
|
|
|2 ddc
|c BK15
|
| 952 |
|
|
|0 0
|1 0
|4 0
|6 621_382000000000000_5_E
|7 0
|9 203134
|a LISP
|b LISP
|c BSC
|d 2016-04-24
|i 056438
|l 0
|o 621.382 5 E
|p 025000075190
|r 2016-04-24 00:00:00
|t 1
|w 2016-04-24
|y BK15
|
| 998 |
|
|
|c ΣΥΨΑ
|d 2000-02
|
| 999 |
|
|
|c 124007
|d 124007
|